000 00773nam a2200229Ii 4500
003 JO-AjNU
008 230605s9999||||xx |||||||||||||| ||und||
017 _a1988/5438
020 _a977-100-121-3
040 _aJO-AjNU
_bara
_erda
_cJO-AjNU
041 _aara
050 1 4 _aLC903.I2788 1988
100 3 _aعطا، إبراهيم محمد ,
_eauthor
_936839
245 0 0 _aطرق تدريس التربية الإسلامية
250 _aط1
264 3 1 _aالقاهرة:مكتبة النهضة المصرية،1988
300 _a243ص
336 _atext
_btxt
_2rdacontent
337 _aunmediated
_bn
_2rdamedia
338 _avolume
_bnc
_2rdacarrier
650 4 _aتربية إسلامية-طرق تدريس. ثقافة إسلامية-طرق تدريس
_936840
999 _aA15341
_c18909
_d18909